Città vincitrici UEFA Champions League - Morte improvvisa - Statistics

Statistiche generali
  • Questo quiz è stato fatto 306 volte
    72 dall'ultimo reset
  • Il punteggio medio è 13 su 22
Answers on the Grid
Answers color-coded by a green-red scale on the quiz's grid according to % correct below.
Madrid
Milano
Monaco di Baviera
Liverpool
Barcellona
Manchester
Amsterdam
Torino
Lisbona
Londra
Nottingham
Porto
Dortmund
Glasgow
Amburgo
Bucarest
Belgrado
Marsiglia
Rotterdam
Birmingham
Eindhoven
Reims
Valencia
Firenze
Francoforte
Atene
Leeds
Saint-Étienne
Bruges
Mönchengladbach
Malmö
Roma
Genova
Leverkusen
Monaco
Parigi
Bruxelles
Bordeaux
Berlino
Edimburgo
Napoli
Siviglia
 
Statistiche sulle risposte
Risposta % Corretto
Milano
81%
Liverpool
77%
Parigi
70%
Barcellona
68%
Londra
68%
Madrid
68%
Manchester
66%
Monaco di Baviera
66%
Amsterdam
62%
Porto
60%
Dortmund
57%
Marsiglia
57%
Nottingham
57%
Torino
57%
Bucarest
55%
Glasgow
55%
Lisbona
55%
Amburgo
53%
Eindhoven
53%
Rotterdam
49%
Belgrado
47%
Birmingham
40%
Nessun quiz corrispondente trovato
Distribuzione punteggi
Percentuale di utenti per punteggio
Percentile per numero di risposta
I tuoi punteggi nel tempo
Non hai fatto questo quiz dall'ultimo reset